| 000 | 01134cam a2200313 a 4500 | ||
|---|---|---|---|
| 001 | 15519068 | ||
| 003 | OSt | ||
| 005 | 20210921103227.0 | ||
| 008 | 081112s2010 iaua b 001 0 eng | ||
| 010 | _a 2008049028 | ||
| 020 | _a9780073376349 (hard copy : alk. paper) | ||
| 038 | _akhadija | ||
| 040 |
_aDLC _cDLC _dDLC |
||
| 050 | 0 | 0 |
_aQA276.4 _b.N379 2010 |
| 082 | 0 | 0 |
_a519.5 _222 _bNAV |
| 100 | 1 |
_aNavidi, William Cyrus. _982551 |
|
| 245 | 1 | 0 |
_aPrinciples of statistics for engineers and scientists / _cWilliam Navidi. |
| 250 | _a1st ed. | ||
| 260 |
_aDubuque, IA : _bMcGraw-Hill, _cc2010. |
||
| 300 |
_aix, 582 p. : _bill. ; _c24 cm. |
||
| 504 | _aIncludes bibliographical references and index. | ||
| 563 | _ahardcover | ||
| 650 | 0 |
_aMathematical statistics _vTextbooks. _9113 |
|
| 650 | 0 |
_aScience _xStatistical methods _vTextbooks. _982552 |
|
| 650 | 0 |
_aEngineering _xStatistical methods _vTextbooks. _982553 |
|
| 906 |
_a7 _bcbc _corignew _d1 _eecip _f20 _gy-gencatlg |
||
| 942 |
_2ddc _cBK |
||
| 999 |
_c32559 _d32559 |
||